00378pab a2200145 454500008004000000100001800040245005900058260000900117300001500126362000800141650002500149700001800174700002200192773001800214180718b2014 xxu||||| |||| 00| 0 eng d aApte, Pradeep aRegional growth strategies for the rest of Maharashtra c2014 ap.278-293. aJun aRegional development aDhume, Akshay aBodhke, Naresh R. aArtha Vijnana